Sports Quiz

Random Sports or NCAA Quiz

NCAA Tournament Teams Without a Final Four Quiz Stats

 Plays Quiz Updated Mar 30, 2019

Score 0/35 Timer 04:00
0 Plays Today
% Correct
Murray State
63.9%
Creighton
62.5%
San Diego State
62.2%
Old Dominion
60.6%
New Mexico
60.1%
Davidson
59.9%
Clemson
59.2%
Southern Illinois
59.1%
Boston College
58.9%
Vanderbilt
58.7%
Miami (OH)
58.2%
Pepperdine
58%
Alabama
58%
Weber State
57.8%
Colorado State
57.4%
Utah State
57.1%
Iona
57%
George Washington
56.9%
% Correct
Tulsa
56.6%
Winthrop
56.5%
BYU
56.1%
East Tennessee State
55.7%
UAB
55.1%
Miami (FL)
54.9%
Texas A&M
54.6%
Missouri
53.4%
Arizona State
53.3%
Ohio
53%
Chattanooga
52.4%
Montana
51.3%
Xavier
50.7%
North Carolina A&T
50.2%
Navy
48.3%
Tennessee
47.2%
Idaho State
42.8%

You're not logged in!

Compare scores with friends on all Sporcle quizzes.
OR
Log In

Show Comments

Extras

Top Quizzes Today


Score Distribution

Your Account Isn't Verified!

In order to create a playlist on Sporcle, you need to verify the email address you used during registration. Go to your Sporcle Settings to finish the process.

Report this User

Report this user for behavior that violates our Community Guidelines.

Details: